| 000 | 00482nam a2200181Ia 4500 | ||
|---|---|---|---|
| 005 | 20250508151114.0 | ||
| 008 | 008 250505s9999 xx 000 0 eng d | ||
| 037 | _aBooks to be hide in OPAC | ||
| 040 |
_aFEDL _beng _cFEDL |
||
| 041 |
_aeng _2eng |
||
| 084 |
_a030, PEA _qFEDL |
||
| 100 |
_aBarker L Mary _9757220 |
||
| 245 | 0 | _aPears cyclopedia | |
| 260 |
_aIsleworth _bA and F Pears Ltd. |
||
| 300 | _a992p. | ||
| 942 |
_cHB _h030, PEA |
||
| 999 |
_c1327600 _d1327600 |
||